[Event "NCA-chT final"]
[Site "Managua"]
[Date "2021.10.30"]
[Round "7.4"]
[White "Canda, Danilo"]
[Black "Martinez Thomas, Gregory Aubrey"]
[Result "1/2-1/2"]
[WhiteElo "2271"]
[BlackElo "1411"]
[PlyCount "112"]
[EventDate "2021.10.16"]
[EventType "team-tourn"]
[EventRounds "11"]
[EventCountry "NCA"]
[SourceTitle "EXT 2023"]
[Source "ChessBase"]
[SourceDate "2022.10.05"]
[SourceVersion "1"]
[SourceVersionDate "2022.10.05"]
[SourceQuality "1"]
[WhiteTeam "Granada"]
[BlackTeam "Universidad de Ingenieria"]
[WhiteTeamCountry "NCA"]
[BlackTeamCountry "NCA"]

1. e4 e5 2. Nf3 Nc6 3. Nc3 Nf6 4. Bb5 Bc5 5. 0-0 d6 6. d4 exd4 7. Nxd4 Bd7 8. Nf5 Bxf5 9. exf5 0-0 10. Bg5 h6 11. Bh4 d5 12. Bxf6 Qxf6 13. Qxd5 Bb6 14. Bxc6 bxc6 15. Qf3 Rab8 16. b3 g6 17. Ne2 Qxf5 18. Qxf5 gxf5 19. Rad1 Rfe8 20. Ng3 f4 21. Nf5 Re2 22. Nd4 Bxd4 23. Rxd4 Rxc2 24. Rxf4 Rxa2 25. Rc4 Rxb3 26. Rxc6 Rb7 27. Rxh6 a5 28. Rh5 a4 29. Ra5 c6 30. g3 Rb5 31. Ra8+ Kg7 32. Rc1 Rbb2 33. Rxc6 Rxf2 34. Rxa4 Rg2+ 35. Kf1 Raf2+ 36. Ke1 Rxh2 37. Rg4+ Kf8 38. Rh4 Rhg2 39. Rc8+ Ke7 40. Re4+ Kd7 41. Rc3 Ra2 42. Rd3+ Kc6 43. Kf1 Rh2 44. Kg1 Rhc2 45. Rf3 Kd5 46. Ref4 Ra1+ 47. Rf1 Raa2 48. R1f3 Ra1+ 49. Rf1 Raa2 50. R1f3 Rg2+ 51. Kf1 Rh2 52. Rf5+ Ke4 53. R5f4+ Kd5 54. Rf5+ Ke4 55. R5f4+ Ke5 56. Rf5+ Ke4 1/2-1/2

[Event "Managua Gomez Argenal Memorial"]
[Site "Managua"]
[Date "2021.06.12"]
[Round "5"]
[White "Canda, Danilo"]
[Black "Espinoza Roman, Juan Carlos"]
[Result "1-0"]
[WhiteElo "2269"]
[BlackElo "1791"]
[PlyCount "63"]
[EventDate "2021.05.29"]
[EventType "swiss"]
[EventRounds "9"]
[EventCountry "NCA"]
[SourceTitle "EXT 2022"]
[Source "ChessBase"]
[SourceDate "2021.10.06"]
[SourceVersion "1"]
[SourceVersionDate "2021.10.06"]
[SourceQuality "1"]

1. e4 e6 2. d4 d5 3. Nd2 Nf6 4. e5 Nfd7 5. f4 c5 6. c3 Nc6 7. Ndf3 Qb6 8. g3 cxd4 9. cxd4 Bb4+ 10. Kf2 f6 11. Kg2 g5 12. exf6 g4 13. f7+ Kxf7 14. Ng5+ Ke7 15. Qxg4 Nf6 16. Qd1 Qxd4 17. Qxd4 Nxd4 18. Bd3 Bd7 19. N1f3 Nxf3 20. Nxf3 Rac8 21. Be3 Bc5 22. Bd4 Bxd4 23. Nxd4 a6 24. Rhe1 Kd6 25. Re2 h5 26. Rae1 Rce8 27. Bg6 Re7 28. Nf5+ exf5 29. Rxe7 h4 30. Rf7 h3+ 31. Kf3 Ne4 32. Rc1 1-0

[Event "Managua Gomez Argenal Memorial"]
[Site "Managua"]
[Date "2021.06.06"]
[Round "4"]
[White "Pomares, Roberto Carlos"]
[Black "Canda, Danilo"]
[Result "0-1"]
[WhiteElo "1423"]
[BlackElo "2269"]
[PlyCount "44"]
[EventDate "2021.05.29"]
[EventType "swiss"]
[EventRounds "9"]
[EventCountry "NCA"]
[SourceTitle "EXT 2022"]
[Source "ChessBase"]
[SourceDate "2021.10.06"]
[SourceVersion "1"]
[SourceVersionDate "2021.10.06"]
[SourceQuality "1"]

1. d4 Nf6 2. e3 e6 3. Nf3 b6 4. Bd3 Bb7 5. c3 d5 6. Ne5 Nbd7 7. f4 Ne4 8. 0-0 Bd6 9. Nd2 0-0 10. Bc2 f6 11. Nxd7 Qxd7 12. Nxe4 dxe4 13. Qh5 f5 14. g4 fxg4 15. Qxg4 Rf6 16. Kf2 Rg6 17. Qh3 Rf8 18. Bd2 Rff6 19. Rh1 Qb5 20. b4 Rh6 21. Qg4 Rfg6 22. Qe2 Rg2+ 0-1

[Event "Olympiad-38"]
[Site "Dresden"]
[Date "2008.11.14"]
[Round "2"]
[White "Ibarra Chami, Luis Fernando"]
[Black "Canda, Danilo"]
[Result "1-0"]
[WhiteElo "2389"]
[BlackElo "2289"]
[PlyCount "75"]
[EventDate "2008.11.13"]
[EventType "team-swiss"]
[EventRounds "11"]
[EventCountry "GER"]
[SourceTitle "CBM 128"]
[Source "ChessBase"]
[SourceDate "2009.01.28"]
[SourceVersion "1"]
[SourceVersionDate "2009.01.28"]
[SourceQuality "1"]
[WhiteTeam "Mexico"]
[BlackTeam "Nicaragua"]
[WhiteTeamCountry "MEX"]
[BlackTeamCountry "NCA"]

1. e4 c5 2. Nc3 Nc6 3. Bb5 g6 4. Bxc6 bxc6 5. f4 d6 6. Nf3 Bg7 7. 0-0 Nh6 8. d3 0-0 9. h3 Rb8 10. f5 gxf5 11. Nh4 Kh8 12. exf5 Ng8 13. Ne4 Bxb2 14. Bxb2+ Rxb2 15. Qh5 Nf6 16. Nxf6 exf6 17. Rf2 Rb7 18. Re1 Re7 19. Rxe7 Qxe7 20. Re2 Qd8 21. Qh6 Rg8 22. g4 Bd7 23. Ng2 d5 24. Kf1 c4 25. Nf4 cxd3 26. cxd3 c5 27. Nh5 Bb5 28. Nxf6 Rg7 29. Nh5 Rg8 30. Nf6 Rg7 31. Re8+ Bxe8 32. Nxh7 Kg8 33. Nf6+ Kf8 34. Qh8+ Ke7 35. Qxg7 Qd6 36. Nh5 Qh2 37. Qg5+ Kd6 38. Qd8+ 1-0

[Event "Olympiad-37"]
[Site "Turin"]
[Date "2006.06.04"]
[Round "13"]
[White "Berlinsky, Vladimir"]
[Black "Canda, Danilo"]
[Result "0-1"]
[WhiteElo "2319"]
[BlackElo "2304"]
[PlyCount "66"]
[EventDate "2006.05.21"]
[EventType "team-swiss"]
[EventRounds "13"]
[EventCountry "ITA"]
[SourceTitle "CBM 113"]
[Source "ChessBase"]
[SourceDate "2006.07.31"]
[SourceVersion "1"]
[SourceVersionDate "2006.07.31"]
[SourceQuality "1"]
[WhiteTeam "IBCA"]
[BlackTeam "Nicaragua"]
[BlackTeamCountry "NCA"]

1. e4 c5 2. Nf3 d6 3. d4 cxd4 4. Nxd4 Nf6 5. Nc3 g6 6. Be3 Bg7 7. f3 0-0 8. Bc4 Nc6 9. Qd2 Bd7 10. h4 Rc8 11. Bb3 Ne5 12. h5 Nxh5 13. g4 Nf6 14. Bh6 Bxh6 15. Qxh6 Rxc3 16. bxc3 Qc7 17. c4 Nxc4 18. g5 Nh5 19. Rxh5 gxh5 20. c3 Qa5 21. Rc1 Rc8 22. Kf2 Ne5 23. Qxh5 Nd3+ 24. Kf1 Qe5 25. Qxf7+ Kh8 26. Rd1 Nf4 27. Rd2 Qxg5 28. Rh2 Bh3+ 29. Kf2 Qh4+ 30. Ke3 Rxc3+ 31. Kd2 Rc8 32. Ne6 Nxe6 33. Bxe6 Qh6+ 0-1

[Event "Olympiad-37"]
[Site "Turin"]
[Date "2006.05.31"]
[Round "10"]
[White "Valdes Romero, Leonardo"]
[Black "Canda, Danilo"]
[Result "1-0"]
[WhiteElo "2374"]
[BlackElo "2304"]
[PlyCount "93"]
[EventDate "2006.05.21"]
[EventType "team-swiss"]
[EventRounds "13"]
[EventCountry "ITA"]
[SourceTitle "CBM 113"]
[Source "ChessBase"]
[SourceDate "2006.07.31"]
[SourceVersion "1"]
[SourceVersionDate "2006.07.31"]
[SourceQuality "1"]
[WhiteTeam "Costa Rica"]
[BlackTeam "Nicaragua"]
[WhiteTeamCountry "CRI"]
[BlackTeamCountry "NCA"]

1. Nf3 d5 2. g3 c5 3. c4 d4 4. b4 cxb4 5. a3 bxa3 6. Bxa3 g6 7. d3 Bg7 8. Bg2 Nc6 9. 0-0 Nf6 10. Nbd2 0-0 11. Qc2 Qc7 12. Rfb1 Rd8 13. Ng5 h6 14. Nge4 Nxe4 15. Nxe4 Rb8 16. Nc5 b6 17. Qa4 Ne5 18. Na6 Bxa6 19. Qxa6 Bf8 20. Bc1 Rd7 21. Qb5 e6 22. Bf4 f6 23. Ra6 Bc5 24. Rba1 g5 25. Bd2 Qd6 26. Rxa7 Rf8 27. f4 Rxa7 28. Rxa7 Ng6 29. Rd7 Qb8 30. Qc6 Re8 31. Qf3 Re7 32. Rxe7 Bxe7 33. Qe4 Kf7 34. Qf3 Qc8 35. Qh5 Kg7 36. Qf3 Kf7 37. fxg5 hxg5 38. Bxg5 Qc5 39. Bd2 b5 40. cxb5 Qxb5 41. Bh3 Qe5 42. Bg4 f5 43. Bh5 Qf6 44. Qb7 Kf8 45. Bh6+ Ke8 46. h4 Kf7 47. Bg5 1-0

[Event "Olympiad-37"]
[Site "Turin"]
[Date "2006.05.30"]
[Round "9"]
[White "Canda, Danilo"]
[Black "Flores, Diego"]
[Result "0-1"]
[WhiteElo "2304"]
[BlackElo "2494"]
[PlyCount "60"]
[EventDate "2006.05.21"]
[EventType "team-swiss"]
[EventRounds "13"]
[EventCountry "ITA"]
[SourceTitle "CBM 113"]
[Source "ChessBase"]
[SourceDate "2006.07.31"]
[SourceVersion "1"]
[SourceVersionDate "2006.07.31"]
[SourceQuality "1"]
[WhiteTeam "Nicaragua"]
[BlackTeam "Argentina"]
[WhiteTeamCountry "NCA"]
[BlackTeamCountry "ARG"]

1. e4 c5 2. Nf3 e6 3. d4 cxd4 4. Nxd4 a6 5. c4 Nf6 6. Nc3 Qc7 7. a3 d6 8. Be2 b6 9. Be3 Bb7 10. f3 Be7 11. 0-0 0-0 12. Rc1 Nbd7 13. Qd2 Rfe8 14. Rfd1 Rac8 15. b4 Qb8 16. Kh1 Bd8 17. Na4 Bc7 18. Bg1 d5 19. cxd5 exd5 20. Nc6 Bxc6 21. Rxc6 dxe4 22. Bxa6 exf3 23. Bxc8 Re2 24. gxf3 Rxd2 25. Rxd2 Qxc8 26. Rdc2 Qa6 27. Rxc7 Qxa4 28. Rc8+ Nf8 29. R2c3 h5 30. Bxb6 Nd5 0-1

[Event "Olympiad-37"]
[Site "Turin"]
[Date "2006.05.27"]
[Round "6"]
[White "Canda, Danilo"]
[Black "Khusenkhojaev, Muhammad"]
[Result "0-1"]
[WhiteElo "2304"]
[BlackElo "2274"]
[PlyCount "58"]
[EventDate "2006.05.21"]
[EventType "team-swiss"]
[EventRounds "13"]
[EventCountry "ITA"]
[SourceTitle "CBM 113"]
[Source "ChessBase"]
[SourceDate "2006.07.31"]
[SourceVersion "1"]
[SourceVersionDate "2006.07.31"]
[SourceQuality "1"]
[WhiteTeam "Nicaragua"]
[BlackTeam "Tajikistan"]
[WhiteTeamCountry "NCA"]
[BlackTeamCountry "TJK"]

1. e4 e5 2. Nf3 Nc6 3. Nc3 Nf6 4. Bb5 Nd4 5. Ba4 Nxf3+ 6. Qxf3 c6 7. d3 d6 8. h3 Be7 9. Bb3 Be6 10. Ne2 a5 11. c3 0-0 12. Ng3 a4 13. Bxe6 fxe6 14. Qe2 Nd7 15. 0-0 Qe8 16. f4 Qg6 17. Kh2 Bh4 18. Nh1 Rf7 19. g4 exf4 20. Bxf4 Be7 21. Ng3 Raf8 22. Be3 Bh4 23. Rxf7 Qxf7 24. Kg2 Bxg3 25. Kxg3 Ne5 26. Kg2 Qf3+ 27. Qxf3 Rxf3 28. Re1 Nxd3 29. Re2 Rf4 0-1

[Event "Olympiad-37"]
[Site "Turin"]
[Date "2006.05.23"]
[Round "3"]
[White "Canda, Danilo"]
[Black "Arosemena, Jorge Luis"]
[Result "1-0"]
[WhiteElo "2304"]
[BlackElo "2206"]
[PlyCount "84"]
[EventDate "2006.05.21"]
[EventType "team-swiss"]
[EventRounds "13"]
[EventCountry "ITA"]
[SourceTitle "CBM 113"]
[Source "ChessBase"]
[SourceDate "2006.07.31"]
[SourceVersion "1"]
[SourceVersionDate "2006.07.31"]
[SourceQuality "1"]
[WhiteTeam "Nicaragua"]
[BlackTeam "Panama"]
[WhiteTeamCountry "NCA"]
[BlackTeamCountry "PAN"]

1. c4 e5 2. Nc3 Nf6 3. Nf3 Nc6 4. d3 d5 5. cxd5 Nxd5 6. g3 Be7 7. Bg2 0-0 8. 0-0 Nb6 9. a3 Be6 10. Be3 f5 11. Rc1 f4 12. Bd2 g5 13. Ne4 g4 14. Rxc6 bxc6 15. Nxe5 f3 16. exf3 gxf3 17. Bxf3 Bd5 18. Bg2 Bf6 19. Bc3 Bg7 20. f4 Nd7 21. d4 Nf6 22. Qc2 Nxe4 23. Bxe4 Bxe4 24. Qxe4 Qd5 25. Qe3 Rfe8 26. Qf3 Qxf3 27. Rxf3 Re6 28. b4 Rd8 29. Kf2 Rh6 30. h4 Rhd6 31. Ke2 h5 32. Re3 Bf6 33. Re4 Bg7 34. Kf3 Bf6 35. Re3 Bg7 36. Ke4 Re8 37. Re1 Kh7 38. Rc1 Rg6 39. Be1 Rd6 40. Rc5 Kg8 41. Bf2 a6 42. Be3 Bf8 1-0

[Event "Olympiad-36"]
[Site "Mallorca"]
[Date "2004.10.26"]
[Round "11"]
[White "Canda, Danilo"]
[Black "Mok, Tze Meng"]
[Result "1-0"]
[WhiteElo "2335"]
[BlackElo "2336"]
[PlyCount "173"]
[EventDate "2004.10.15"]
[EventType "team-swiss"]
[EventRounds "14"]
[EventCountry "ESP"]
[SourceTitle "CBM 104"]
[Source "ChessBase"]
[SourceDate "2005.01.27"]
[SourceVersion "1"]
[SourceVersionDate "2005.01.27"]
[SourceQuality "1"]
[WhiteTeam "Nicaragua"]
[BlackTeam "Malaysia"]
[WhiteTeamCountry "NCA"]
[BlackTeamCountry "MAS"]

1. e4 g6 2. d4 Bg7 3. Nc3 c6 4. Nf3 d5 5. h3 Nf6 6. Bd3 dxe4 7. Nxe4 Nxe4 8. Bxe4 0-0 9. 0-0 Nd7 10. Re1 c5 11. c3 cxd4 12. Nxd4 a6 13. a4 Nc5 14. Bc2 Qc7 15. Nb3 b6 16. Qe2 e5 17. Nxc5 bxc5 18. Bb3 Bb7 19. Bc4 Kh8 20. Rd1 f5 21. Bd5 Bxd5 22. Rxd5 c4 23. a5 Rfd8 24. Rxd8+ Rxd8 25. Be3 Rd3 26. f3 Qd7 27. Kf1 Qd5 28. Ke1 Bf6 29. Bf2 Bg5 30. Rd1 Kg8 31. h4 Bf6 32. Bb6 Kf7 33. b4 Ke6 34. Bc5 Kd7 35. Bb6 Kc6 36. Bc5 Kb5 37. Bb6 e4 38. fxe4 Qxe4 39. Qxe4 fxe4 40. Bd4 Bxh4+ 41. Ke2 Bg3 42. Rf1 Bh4 43. Rf4 Bg5 44. Rxe4 Bd2 45. Re5+ Ka4 46. b5 Bxc3 47. Bxc3 Rxc3 48. bxa6 Rd3 49. a7 Rd8 50. Rc5 Kb4 51. Rc7 Ra8 52. Rxh7 Kxa5 53. Kd2 Kb4 54. Rc7 g5 55. Kc2 Kb5 56. Kc3 Kb6 57. Rg7 g4 58. Rxg4 Rxa7 59. Rxc4 Rg7 60. g4 Kb5 61. Kd3 Rg8 62. Re4 Kc5 63. Ke3 Kd5 64. Kf3 Rf8+ 65. Rf4 Rg8 66. Rf5+ Ke6 67. Kf4 Ra8 68. Kg3 Rb8 69. Rf1 Rg8 70. Rf2 Rg7 71. Kh4 Rh7+ 72. Kg5 Rh8 73. Rf6+ Ke7 74. Kf5 Rh1 75. Kg6 Rh8 76. g5 Rg8+ 77. Kh6 Rh8+ 78. Kg7 Rh1 79. Rf2 Ke6 80. g6 Rg1 81. Re2+ Kd6 82. Kf7 Rf1+ 83. Kg8 Rg1 84. g7 Rg3 85. Re4 Kd5 86. Re7 Kd6 87. Kf8 1-0

[Event "Olympiad-36"]
[Site "Mallorca"]
[Date "2004.10.19"]
[Round "5"]
[White "Baules Rodriguez, Jorge Luis"]
[Black "Canda, Danilo"]
[Result "1-0"]
[WhiteElo "2275"]
[BlackElo "2335"]
[PlyCount "125"]
[EventDate "2004.10.15"]
[EventType "team-swiss"]
[EventRounds "14"]
[EventCountry "ESP"]
[SourceTitle "CBM 104"]
[Source "ChessBase"]
[SourceDate "2005.01.27"]
[SourceVersion "1"]
[SourceVersionDate "2005.01.27"]
[SourceQuality "1"]
[WhiteTeam "Panama"]
[BlackTeam "Nicaragua"]
[WhiteTeamCountry "PAN"]
[BlackTeamCountry "NCA"]

1. e4 c5 2. Nf3 d6 3. d4 cxd4 4. Nxd4 Nf6 5. Nc3 Nc6 6. Bg5 Bd7 7. Nb3 a6 8. Be2 e6 9. 0-0 Be7 10. Kh1 Qc7 11. f4 0-0 12. Bf3 Rac8 13. Qe2 b5 14. a3 h6 15. Bh4 Nxe4 16. Nxb5 axb5 17. Bxe7 Ng3+ 18. hxg3 Nxe7 19. Nd4 Qc5 20. Rad1 e5 21. Nb3 Qc7 22. Qd3 Be6 23. Rf2 Qb6 24. Rfd2 Nf5 25. Be4 Ne3 26. Re1 Nc4 27. Rdd1 Nxb2 28. Qxd6 Qf2 29. Rc1 Nc4 30. Qd3 exf4 31. gxf4 Qxf4 32. Qd4 Qg5 33. Ra1 Rfd8 34. Qf2 Ne5 35. Kg1 Ng4 36. Qg3 Rc4 37. Bf3 Rxc2 38. Rxe6 fxe6 39. Bxg4 Qd5 40. Re1 Re8 41. Rd1 Qe4 42. Rd7 Qg6 43. Nd4 Rc1+ 44. Kh2 Kh8 45. Ne2 Rc4 46. Bf3 Qxg3+ 47. Kxg3 Ra4 48. Nc3 Rxa3 49. Nxb5 Re3 50. Nd6 Rf8 51. Kf2 Rb3 52. Re7 Rb2+ 53. Kg3 Ra2 54. Rxe6 Ra7 55. Nc4 Rc8 56. Ne5 Rc3 57. Kh2 Kg8 58. Re8+ Kh7 59. Be4+ g6 60. Nxg6 Kg7 61. Nf4 Ra4 62. Re7+ Kf8 63. Ng6+ 1-0

[Event "Olympiad-36"]
[Site "Mallorca"]
[Date "2004.10.17"]
[Round "3"]
[White "Ramirez Alvarez, Alejandro"]
[Black "Canda, Danilo"]
[Result "1-0"]
[WhiteElo "2519"]
[BlackElo "2335"]
[PlyCount "63"]
[EventDate "2004.10.15"]
[EventType "team-swiss"]
[EventRounds "14"]
[EventCountry "ESP"]
[SourceTitle "CBM 104"]
[Source "ChessBase"]
[SourceDate "2005.01.27"]
[SourceVersion "1"]
[SourceVersionDate "2005.01.27"]
[SourceQuality "1"]
[WhiteTeam "Costa Rica"]
[BlackTeam "Nicaragua"]
[WhiteTeamCountry "CRI"]
[BlackTeamCountry "NCA"]

1. d4 Nf6 2. c4 e6 3. Nc3 c5 4. d5 Bd6 5. g3 a6 6. Bg2 0-0 7. Nh3 exd5 8. Nxd5 Nxd5 9. Qxd5 Be7 10. 0-0 d6 11. Rd1 Nc6 12. Nf4 Re8 13. Be3 Bf8 14. Qd3 Be6 15. Nxe6 fxe6 16. Bd2 Qc7 17. Bc3 Rad8 18. a3 Rc8 19. Rd2 Nd8 20. Rad1 Nf7 21. h4 Nh8 22. Be4 g6 23. Qf3 Rb8 24. Qf6 Bg7 25. Qxg7+ Qxg7 26. Bxg7 Kxg7 27. Rxd6 b5 28. Rxa6 bxc4 29. Ra7+ Nf7 30. Rdd7 Rf8 31. Rab7 Kf6 32. Rxf7+ 1-0

[Event "Sagua la Grande"]
[Site "Sagua la Grande"]
[Date "1989.??.??"]
[Round "2"]
[White "Canda, Danilo"]
[Black "Martin Del Campo C, Roberto Abel"]
[Result "1/2-1/2"]
[WhiteElo "2340"]
[BlackElo "2455"]
[PlyCount "28"]
[EventDate "1989.??.??"]
[EventType "tourn"]
[EventRounds "13"]
[EventCountry "CUB"]
[EventCategory "4"]
[SourceTitle "EXT 1997"]
[Source "ChessBase"]
[SourceDate "1996.11.15"]
[SourceVersion "1"]
[SourceVersionDate "1996.11.15"]
[SourceQuality "1"]

1. e4 c6 2. d4 d5 3. Nd2 dxe4 4. Nxe4 Nd7 5. Nf3 Ngf6 6. Nxf6+ Nxf6 7. Bc4 Bf5 8. Qe2 e6 9. Bg5 Be7 10. 0-0 Bg4 11. h3 Bxf3 12. Qxf3 Nd5 13. Bxe7 Qxe7 14. Bxd5 cxd5 1/2-1/2

[Event "Sagua la Grande"]
[Site "Sagua la Grande"]
[Date "1989.??.??"]
[Round "12"]
[White "Ortega, Lexy"]
[Black "Canda, Danilo"]
[Result "1-0"]
[WhiteElo "2400"]
[BlackElo "2340"]
[PlyCount "81"]
[EventDate "1989.??.??"]
[EventType "tourn"]
[EventRounds "13"]
[EventCountry "CUB"]
[EventCategory "4"]
[SourceTitle "EXT 1997"]
[Source "ChessBase"]
[SourceDate "1996.11.15"]
[SourceVersion "1"]
[SourceVersionDate "1996.11.15"]
[SourceQuality "1"]

1. Nf3 Nf6 2. c4 e6 3. g3 Be7 4. Bg2 0-0 5. 0-0 d5 6. d4 dxc4 7. Qc2 a6 8. Qxc4 b5 9. Qc2 Bb7 10. Bd2 Be4 11. Qc1 Bb7 12. Bf4 Nd5 13. Nc3 Nxf4 14. Qxf4 Nd7 15. Rfd1 Qb8 16. Qe3 Re8 17. Rac1 Qa7 18. Ne5 Nxe5 19. Bxb7 Nc4 20. Qf3 Rab8 21. Bc6 Red8 22. b3 Na5 23. e3 Nxc6 24. Qxc6 Rb6 25. Qf3 c5 26. dxc5 Rxd1+ 27. Qxd1 Bxc5 28. Qd8+ Bf8 29. Nxb5 axb5 30. Rc8 h6 31. Qxf8+ Kh7 32. h4 Kg6 33. Qc5 Qd7 34. Qxb6 Qxc8 35. Qxb5 Qc2 36. a4 e5 37. Qxe5 Qxb3 38. a5 Qb1+ 39. Kg2 Qb7+ 40. e4 Kh7 41. Qd5 1-0

[Event "Bayamo"]
[Site "Bayamo"]
[Date "1989.??.??"]
[Round "2"]
[White "Sariego Figueredo, Wilfredo"]
[Black "Canda, Danilo"]
[Result "1-0"]
[WhiteElo "2350"]
[BlackElo "2340"]
[PlyCount "71"]
[EventDate "1989.03.??"]
[EventType "tourn"]
[EventRounds "13"]
[EventCountry "CUB"]
[EventCategory "8"]
[SourceTitle "EXT 1997"]
[Source "ChessBase"]
[SourceDate "1996.11.15"]
[SourceVersion "1"]
[SourceVersionDate "1996.11.15"]
[SourceQuality "1"]

1. e4 c5 2. c3 d6 3. d4 Nf6 4. f3 cxd4 5. cxd4 g6 6. Be3 Bg7 7. Nc3 0-0 8. Qd2 e5 9. Nge2 exd4 10. Bxd4 Nc6 11. Be3 d5 12. exd5 Nb4 13. Bc5 Nbxd5 14. Bxf8 Bxf8 15. Rd1 Be6 16. Nxd5 Nxd5 17. Nc3 Qb6 18. Nxd5 Bxd5 19. Qxd5 Bb4+ 20. Ke2 Re8+ 21. Kd3 Rd8 22. Qxd8+ Qxd8+ 23. Kc2 Qb6 24. h4 Qf2+ 25. Kb3 Be7 26. h5 Bf6 27. Rb1 Qe3+ 28. Kc2 Qc5+ 29. Kb3 a5 30. a3 b5 31. Re1 Kf8 32. Ka2 Qd5+ 33. Kb1 Qd2 34. Re2 Qd1+ 35. Ka2 b4 36. Re8+ 1-0

[Event "Sagua la Grande"]
[Site "Sagua la Grande"]
[Date "1989.??.??"]
[Round "7"]
[White "Sieiro Gonzalez, Luis"]
[Black "Canda, Danilo"]
[Result "0-1"]
[WhiteElo "2395"]
[BlackElo "2340"]
[PlyCount "86"]
[EventDate "1989.??.??"]
[EventType "tourn"]
[EventRounds "13"]
[EventCountry "CUB"]
[EventCategory "4"]
[SourceTitle "EXT 1997"]
[Source "ChessBase"]
[SourceDate "1996.11.15"]
[SourceVersion "1"]
[SourceVersionDate "1996.11.15"]
[SourceQuality "1"]

1. e4 c5 2. Nf3 d6 3. d4 cxd4 4. Nxd4 Nf6 5. Nc3 g6 6. Bc4 Bg7 7. h3 0-0 8. 0-0 a6 9. Bb3 Nbd7 10. Re1 Qc7 11. Bg5 Nb6 12. f4 h6 13. Bh4 e5 14. fxe5 dxe5 15. Bxf6 Bxf6 16. Nf3 Be6 17. Qd2 Bg7 18. Rad1 Bxb3 19. axb3 Rad8 20. Qf2 Rxd1 21. Rxd1 Rd8 22. Rxd8+ Qxd8 23. Qc5 f6 24. Kf1 Kf7 25. Ke2 Ke6 26. Qe3 f5 27. Na4 Nxa4 28. bxa4 Qc7 29. Qd3 Qc6 30. Nd2 Qxa4 31. Qd5+ Kf6 32. Qxb7 Qb5+ 33. Qxb5 axb5 34. Kd3 Bf8 35. Nb1 Kg5 36. Nc3 Kh4 37. Ne2 f4 38. c4 b4 39. c5 Bxc5 40. Kc4 Bd6 41. Kd5 Bb8 42. b3 g5 43. Kc5 f3 0-1

[Event "Olympiad-27"]
[Site "Dubai"]
[Date "1986.11.25"]
[Round "10"]
[White "Canda, Danilo"]
[Black "Matthews, Shane"]
[Result "1-0"]
[WhiteElo "2315"]
[BlackElo "2205"]
[PlyCount "69"]
[EventDate "1986.11.15"]
[EventType "team-swiss"]
[EventRounds "14"]
[EventCountry "UAE"]
[SourceTitle "TD"]
[Source "ChessBase"]
[SourceDate "1994.03.01"]
[SourceVersion "1"]
[SourceVersionDate "1994.03.01"]
[SourceQuality "1"]
[WhiteTeam "Nicaragua"]
[BlackTeam "Jamaica"]
[WhiteTeamCountry "NCA"]
[BlackTeamCountry "JAM"]

1. e4 c5 2. Nf3 d6 3. d4 cxd4 4. Nxd4 Nf6 5. Nc3 a6 6. Bg5 e6 7. f4 Be7 8. Qf3 Qc7 9. 0-0-0 Nbd7 10. Bd3 h6 11. Bh4 g5 12. fxg5 Ne5 13. Qe2 Nfg4 14. Nf3 hxg5 15. Bg3 Nxf3 16. gxf3 Ne5 17. h4 gxh4 18. f4 Ng6 19. e5 hxg3 20. Rxh8+ Nxh8 21. Qh5 Bd7 22. Qxh8+ Bf8 23. Ne4 0-0-0 24. Nxg3 dxe5 25. fxe5 Qb6 26. Qh4 Qe3+ 27. Kb1 Bb5 28. Ne4 Rxd3 29. cxd3 Bxd3+ 30. Ka1 Qxe4 31. Qh8 Qb4 32. a3 Qc5 33. Rxd3 Qc1+ 34. Ka2 Qc4+ 35. Rb3 1-0

[Event "Olympiad-27"]
[Site "Dubai"]
[Date "1986.11.18"]
[Round "4"]
[White "El Gheiadi, Ibrahim"]
[Black "Canda, Danilo"]
[Result "0-1"]
[WhiteElo "2205"]
[BlackElo "2315"]
[PlyCount "38"]
[EventDate "1986.11.15"]
[EventType "team-swiss"]
[EventRounds "14"]
[EventCountry "UAE"]
[SourceTitle "TD"]
[Source "ChessBase"]
[SourceDate "1994.03.01"]
[SourceVersion "1"]
[SourceVersionDate "1994.03.01"]
[SourceQuality "1"]
[WhiteTeam "Libya"]
[BlackTeam "Nicaragua"]
[WhiteTeamCountry "LBY"]
[BlackTeamCountry "NCA"]

1. e4 c5 2. Nf3 d6 3. Bb5+ Nd7 4. 0-0 Ngf6 5. Re1 a6 6. Bf1 e5 7. a4 Be7 8. Nc3 0-0 9. d3 Re8 10. d4 Nb8 11. Ne2 Nh5 12. c4 Qa5 13. h3 f6 14. Ng3 Qc7 15. a5 Nf4 16. Kh2 Bd8 17. Bd2 g5 18. Re3 Ng6 19. Nh5 Nd7 0-1

[Event "Capablanca Memorial-C 21st"]
[Site "Havana"]
[Date "1986.06.01"]
[Round "10"]
[White "Ruiz, Alciguel"]
[Black "Canda, Danilo"]
[Result "1/2-1/2"]
[WhiteElo "2265"]
[BlackElo "2360"]
[PlyCount "58"]
[EventDate "1986.05.20"]
[EventType "tourn"]
[EventRounds "13"]
[EventCountry "CUB"]
[EventCategory "4"]
[SourceTitle "EXT 2012"]
[Source "ChessBase"]
[SourceDate "2011.11.24"]
[SourceVersion "1"]
[SourceVersionDate "2011.11.24"]
[SourceQuality "1"]

1. d4 e6 2. c4 b6 3. Nf3 Bb7 4. g3 Nf6 5. Bg2 Bb4+ 6. Bd2 Be7 7. Nc3 0-0 8. 0-0 d5 9. Ne5 c5 10. dxc5 bxc5 11. cxd5 exd5 12. Rc1 Na6 13. Qa4 Qe8 14. Rfd1 Nc7 15. Bg5 h6 16. Bxf6 Bxf6 17. Nd7 Bxc3 18. bxc3 Ba6 19. Nxc5 Qxa4 20. Nxa4 Bxe2 21. Rd2 Bc4 22. Nc5 Rfe8 23. Nd3 Rab8 24. Nb4 Rb5 25. Rcd1 Rc5 26. Nxd5 Nxd5 27. Bxd5 Bxd5 28. Rxd5 Rxc3 29. Ra5 Re7 1/2-1/2

[Event "Capablanca Memorial-C 21st"]
[Site "Havana"]
[Date "1986.05.22"]
[Round "3"]
[White "Canda, Danilo"]
[Black "Valdes, Luis Enrique"]
[Result "0-1"]
[WhiteElo "2360"]
[BlackElo "2295"]
[PlyCount "42"]
[EventDate "1986.05.20"]
[EventType "tourn"]
[EventRounds "13"]
[EventCountry "CUB"]
[EventCategory "4"]
[SourceTitle "EXT 2012"]
[Source "ChessBase"]
[SourceDate "2011.11.24"]
[SourceVersion "1"]
[SourceVersionDate "2011.11.24"]
[SourceQuality "1"]

1. e4 e5 2. Nf3 Nc6 3. Bb5 a6 4. Ba4 Nf6 5. 0-0 Be7 6. Bxc6 dxc6 7. d3 Nd7 8. Nbd2 0-0 9. Nc4 f6 10. Nh4 Nc5 11. f4 exf4 12. Rxf4 g5 13. Nf5 gxf4 14. Qg4+ Kf7 15. Qh5+ Kg8 16. Qg4+ Kf7 17. Nh6+ Ke8 18. Qh5+ Kd7 19. Qf5+ Ne6 20. d4 Qe8 21. d5 Kd8 0-1